[Event "27th Carlos Torre Mem"]
[Site "Merida MEX"]
[Date "2015.12.18"]
[Round "4.2"]
[White "Dreev, Aleksey"]
[Black "Gonzalez Vidal, Yuri"]
[Result "1/2-1/2"]
[WhiteTitle "GM"]
[BlackTitle "GM"]
[WhiteElo "2644"]
[BlackElo "2553"]
[WhiteFideId "4100107"]
[BlackFideId "3503321"]
[EventDate "2015.12.17"]

1. d4 Nf6 2. c4 e6 3. Nf3 d5 4. Nc3 Bb4 5. cxd5 exd5 6. Bg5 h6 7. Bxf6 Qxf6 8.
Qa4+ Nc6 9. e3 O-O 10. Qb3 Qg6 11. a3 Bxc3+ 12. Qxc3 Be6 13. g3 Qh5 14. Bg2 a5
15. O-O a4 16. Rfe1 Rfc8 17. Rac1 Na5 18. Nd2 c6 19. Qb4 b5 20. e4 Nc4 21. Nxc4
bxc4 22. exd5 cxd5 23. Re5 Qg4 24. Bxd5 Qxd4 25. Bxe6 Qxe5 26. Bxc8 Rxc8 27.
Rxc4 Rxc4 28. Qxc4 Qxb2 29. Qxa4 Qb1+ 30. Kg2 Qb7+ 31. f3 Qb2+ 32. Kh3 g6 33.
Qe8+ Kg7 34. Qe3 h5 35. Qd3 Qa2 36. Qd4+ Kg8 37. a4 Qe6+ 38. g4 hxg4+ 39. fxg4
Qe1 40. Qd3 Qb4 41. Qc2 Qf4 42. Qd1 Qe3+ 43. Kg2 Qe4+ 44. Kg3 Qe5+ 45. Kg2 1/2-1/2

[Event "27th Carlos Torre Mem"]
[Site "Merida MEX"]
[Date "2015.12.18"]
[Round "4.3"]
[White "Ibarra Chami, Luis Fernando"]
[Black "L'Ami, Erwin"]
[Result "1-0"]
[WhiteTitle "IM"]
[BlackTitle "GM"]
[WhiteElo "2435"]
[BlackElo "2628"]
[WhiteFideId "5105048"]
[BlackFideId "1007998"]
[EventDate "2015.12.17"]

1. g3 f5 2. Bg2 Nf6 3. c4 e5 4. Nc3 c6 5. d3 Be7 6. e4 fxe4 7. dxe4 O-O 8. Nf3
Bc5 9. O-O d6 10. h3 Nbd7 11. a3 a5 12. Rb1 Qe7 13. b4 axb4 14. axb4 Ba7 15. Qd3
Nh5 16. Be3 Bxe3 17. Qxe3 Ndf6 18. Rfd1 Be6 19. c5 dxc5 20. Qxc5 Qxc5 21. bxc5
Ra3 22. Rdc1 Nd7 23. Rxb7 Nxc5 24. Re7 Nd3 25. Rc2 Bb3 26. Rd2 Bc4 27. Nd1 Ra5
28. Ne3 Ra1+ 29. Kh2 Bb5 30. Nxe5 Ne1 31. Nf5 Nxg2 32. Kxg2 Re1 33. Ne3 h6 34.
Rc7 Nf6 35. Nf5 Ne8 36. Re7 Rxe4 37. Ng6 Rxe7 38. Nfxe7+ Kf7 39. Nxf8 Kxe7 40.
Nd7 Bc4 41. Nb6 Be6 42. g4 Nd6 43. f4 c5 44. f5 Bf7 45. Nd5+ Kd7 46. Nc3 Ke7 47.
Kf3 g6 48. Nd5+ Kd7 49. Nf6+ Ke7 50. fxg6 Bxg6 51. Ng8+ Ke6 52. Nxh6 c4 53. Kf4
c3 54. Re2+ Kf6 55. Re3 c2 56. Rc3 Nb5 57. Rc6+ Ke7 58. Ke5 Kd7 59. Rc5 Bd3 60.
Nf5 Na3 61. Ne3 1-0

[Event "27th Carlos Torre Mem"]
[Site "Merida MEX"]
[Date "2015.12.18"]
[Round "4.4"]
[White "Tiviakov, Sergei"]
[Black "Alarcon Casellas, Rolando"]
[Result "1-0"]
[WhiteTitle "GM"]
[BlackTitle "IM"]
[WhiteElo "2610"]
[BlackElo "2409"]
[WhiteFideId "1008013"]
[BlackFideId "3507610"]
[EventDate "2015.12.17"]

1. e4 e6 2. d4 d5 3. Nd2 Nf6 4. e5 Nfd7 5. c3 c5 6. Bd3 Nc6 7. Ne2 cxd4 8. cxd4
f6 9. exf6 Qxf6 10. Nf3 h6 11. O-O Bd6 12. Ng3 O-O 13. Bc2 Rd8 14. Re1 Nf8 15.
Ne5 Bxe5 16. dxe5 Qh4 17. Nh5 Bd7 18. Re3 Be8 19. Nxg7 Kxg7 20. Rh3 Qxh3 21.
gxh3 Bg6 22. Qg4 Rd7 23. Bxg6 Nxg6 24. Qxe6 Ncxe5 25. f4 Nf3+ 26. Kf2 Re7 27.
Qxd5 Nfh4 28. Bd2 Rf8 29. Re1 Ref7 30. Kg3 Kh7 31. Re8 Rg7 32. Rxf8 Ne7+ 33.
Kxh4 Nxd5 34. Rd8 Ne7 35. Bc3 Rf7 36. Kg4 Kg6 37. Rd6+ Kh7 38. Rd7 Kg8 39. Rxb7
Nc6 40. Rxf7 Kxf7 41. Kh5 Ke6 42. Kxh6 Kf5 43. Be5 Ne7 44. b4 Nd5 45. b5 1-0

[Event "27th Carlos Torre Mem"]
[Site "Merida MEX"]
[Date "2015.12.18"]
[Round "4.5"]
[White "Baryshpolets, Andrey"]
[Black "Garcia Guerrero, Isaac Antonio"]
[Result "1-0"]
[WhiteTitle "GM"]
[BlackTitle "FM"]
[WhiteElo "2538"]
[BlackElo "2309"]
[WhiteFideId "14117207"]
[BlackFideId "5110475"]
[EventDate "2015.12.17"]

1. d4 d5 2. c4 e6 3. Nf3 c5 4. cxd5 exd5 5. Nc3 Nc6 6. dxc5 d4 7. Na4 Bxc5 8.
Nxc5 Qa5+ 9. Bd2 Qxc5 10. Rc1 Qb6 11. e3 dxe3 12. Bxe3 Qxb2 13. Bc4 Nge7 14. O-O
O-O 15. Qa4 Bf5 16. Rfe1 Rfe8 17. Bb3 Ng6 18. Qb5 Be6 19. Rb1 Qa3 20. Bc5 Qa5
21. Bxe6 Rxe6 22. Qxb7 Rae8 23. Rxe6 Rxe6 24. Qxc6 h6 25. Qa8+ Kh7 26. Qxa7 Ra6
27. Qb7 Qxa2 28. Be3 Re6 29. Qb3 Qa5 30. h3 Re7 31. Qd3 Qa2 32. Rb5 Qa4 33. h4
Qe4 34. Qxe4 Rxe4 35. g3 1-0

[Event "27th Carlos Torre Mem"]
[Site "Merida MEX"]
[Date "2015.12.18"]
[Round "4.6"]
[White "Medina Paz, Miguel"]
[Black "Bacallao Alonso, Yusnel"]
[Result "0-1"]
[WhiteTitle "IM"]
[BlackTitle "GM"]
[WhiteElo "2401"]
[BlackElo "2525"]
[WhiteFideId "7300379"]
[BlackFideId "3507416"]
[EventDate "2015.12.17"]

1. d4 Nf6 2. c4 e6 3. Nf3 b6 4. e3 Bb7 5. Bd3 d5 6. O-O Bd6 7. Nc3 O-O 8. cxd5
exd5 9. Ne5 c5 10. Bd2 Nc6 11. Nxc6 Bxc6 12. a4 a6 13. Qf3 Qc7 14. h3 c4 15. Bc2
b5 16. axb5 axb5 17. Rxa8 Rxa8 18. e4 dxe4 19. Nxe4 Bxe4 20. Bxe4 Nxe4 21. Qxe4
Rc8 22. Rc1 Qd7 23. Kf1 Bf8 24. Be3 b4 25. d5 Qb5 26. Kg1 c3 27. Bd4 Re8 28. Qf3
cxb2 29. Bxb2 Qe2 30. Qb3 Qd2 0-1

[Event "27th Carlos Torre Mem"]
[Site "Merida MEX"]
[Date "2015.12.18"]
[Round "4.7"]
[White "Pichot, Alan"]
[Black "Cuellar, Diego"]
[Result "1/2-1/2"]
[WhiteTitle "IM"]
[BlackTitle "IM"]
[WhiteElo "2517"]
[BlackElo "2374"]
[WhiteFideId "110973"]
[BlackFideId "3803830"]
[EventDate "2015.12.17"]

1. e4 e5 2. Nf3 Nf6 3. Nxe5 d6 4. Nf3 Nxe4 5. d4 d5 6. Bd3 Nc6 7. O-O Be7 8. Nc3
Bf5 9. Re1 Nxc3 10. bxc3 Bxd3 11. Qxd3 O-O 12. c4 dxc4 13. Qxc4 Bf6 14. Ba3 Re8
15. Rxe8+ Qxe8 16. Rb1 Rc8 17. c3 Na5 18. Qd5 b6 19. Bb4 c6 20. Qf5 Nb7 21. Re1
Qd8 22. Be7 Bxe7 23. Rxe7 Qxe7 24. Qxc8+ Nd8 25. g4 g6 26. g5 Kg7 27. h4 Qe4 28.
Ne5 Qe1+ 29. Kg2 Qe4+ 1/2-1/2

[Event "27th Carlos Torre Mem"]
[Site "Merida MEX"]
[Date "2015.12.18"]
[Round "4.8"]
[White "Hernandez Marques, Noel"]
[Black "Ortega Amarelle, Mariano"]
[Result "1-0"]
[WhiteTitle "FM"]
[BlackTitle "IM"]
[WhiteElo "2349"]
[BlackElo "2466"]
[WhiteFideId "3506991"]
[BlackFideId "3504301"]
[EventDate "2015.12.17"]

1. e4 c5 2. c3 g6 3. d4 cxd4 4. cxd4 d5 5. exd5 Nf6 6. Nc3 Nxd5 7. Qb3 Nb6 8. d5
Bg7 9. Be3 O-O 10. Rd1 N8d7 11. Nf3 Nf6 12. Be2 Ne8 13. O-O Nd6 14. Bd4 Nd7 15.
Bxg7 Kxg7 16. Rfe1 Nf6 17. Nd4 Bd7 18. Bf3 Re8 19. Re2 Qb6 20. Qxb6 axb6 21.
Rde1 Kf8 22. h3 h5 23. Kh2 Rac8 24. g3 b5 25. a3 b4 26. axb4 Rc4 27. Nc2 Bf5 28.
b5 Bxc2 29. Rxc2 Rc5 30. b6 Nd7 31. Rce2 Nxb6 32. Ra1 Nbc4 33. Ne4 Nxe4 34. Bxe4
Nd6 35. Bf3 Rec8 36. Kg2 Rc2 37. Rae1 Rxe2 38. Rxe2 Rc4 39. h4 Ke8 40. Kf1 Kd7
41. Ke1 Rb4 42. Kd1 Nc4 43. Kc1 Kd6 44. Bg2 Nb6 45. Kc2 Rb5 46. b3 Nxd5 47. Bxd5
Rxd5 48. Kc3 e5 49. Ra2 e4 50. Ra4 Rd3+ 51. Kc2 Rf3 52. Rxe4 Rxf2+ 53. Kd1 Rf3
54. Rb4 Kc6 55. Rc4+ Kb6 56. Rb4+ Ka6 57. g4 hxg4 58. Ra4+ Kb6 59. Rxg4 Rxb3 60.
Rf4 Rd3+ 61. Kc2 Rd7 62. Kc3 Kc5 63. h5 gxh5 64. Rf5+ Kd6 65. Kd4 Ke6+ 66. Ke4 1-0

[Event "27th Carlos Torre Mem"]
[Site "Merida MEX"]
[Date "2015.12.19"]
[Round "5.1"]
[White "Bruzon Batista, Lazaro"]
[Black "Baryshpolets, Andrey"]
[Result "1-0"]
[WhiteTitle "GM"]
[BlackTitle "GM"]
[WhiteElo "2666"]
[BlackElo "2538"]
[WhiteFideId "3503739"]
[BlackFideId "14117207"]
[EventDate "2015.12.17"]

1. e4 e5 2. Nf3 Nc6 3. Bb5 Nf6 4. d3 Bc5 5. Nc3 Nd4 6. Nxe5 c6 7. Bc4 d5 8. exd5
O-O 9. O-O cxd5 10. Bb3 Re8 11. Bf4 Bd6 12. Re1 Qc7 13. Nxd5 Nxd5 14. Bxd5 Bxe5
15. Qh5 Bf5 16. Bxe5 Rxe5 17. Qxf7+ Qxf7 18. Bxf7+ Kxf7 19. Rxe5 Nxc2 20. Rxf5+
Ke6 21. Rc1 Nd4 22. Rfc5 Ne2+ 23. Kf1 Nxc1 24. Rxc1 Kd6 25. Ke2 Re8+ 26. Kd2 Rf8
27. f3 b5 28. d4 a6 29. Rc5 h6 30. b3 Rb8 31. h4 Rf8 32. h5 Re8 33. Rf5 1-0

[Event "27th Carlos Torre Mem"]
[Site "Merida MEX"]
[Date "2015.12.19"]
[Round "5.2"]
[White "Bacallao Alonso, Yusnel"]
[Black "Cordova, Emilio"]
[Result "1/2-1/2"]
[WhiteTitle "GM"]
[BlackTitle "GM"]
[WhiteElo "2525"]
[BlackElo "2611"]
[WhiteFideId "3507416"]
[BlackFideId "3801497"]
[EventDate "2015.12.17"]

1. e4 c6 2. d4 d5 3. Nc3 dxe4 4. Nxe4 Nf6 5. Nxf6+ exf6 6. Bc4 Qe7+ 7. Qe2 Nd7
8. Bd2 Nb6 9. Bb3 Be6 10. Bxe6 Qxe6 11. O-O-O O-O-O 12. Qxe6+ fxe6 13. Ne2 Bd6
14. Bf4 Rhe8 15. Rhe1 Nd5 16. Bxd6 Rxd6 17. c3 Rd7 18. Kc2 Ree7 19. Nc1 Nc7 20.
Nd3 Rd5 21. Re3 b6 22. Rde1 a5 23. R1e2 Rd6 24. Re1 Na6 25. Nf4 Nc7 26. Nd3 Na6 1/2-1/2

[Event "27th Carlos Torre Mem"]
[Site "Merida MEX"]
[Date "2015.12.19"]
[Round "5.3"]
[White "Ortega Amarelle, Mariano"]
[Black "Tiviakov, Sergei"]
[Result "1/2-1/2"]
[WhiteTitle "IM"]
[BlackTitle "GM"]
[WhiteElo "2466"]
[BlackElo "2610"]
[WhiteFideId "3504301"]
[BlackFideId "1008013"]
[EventDate "2015.12.17"]

1. d4 Nf6 2. c4 e6 3. Nf3 b6 4. g3 Bb7 5. Bg2 c6 6. O-O Be7 7. Nc3 d5 8. Ne5
Nfd7 9. Nxd7 Qxd7 10. Qa4 O-O 11. Bf4 Rd8 12. Rfd1 Na6 13. e4 b5 14. cxb5 cxb5
15. Qxb5 Qxb5 16. Nxb5 dxe4 17. Rac1 Rd7 18. a3 g5 19. Be3 f5 20. Bf1 Kf7 21. b4
Bd5 22. Nc3 Nc7 23. Nxd5 Nxd5 24. Bb5 Rdd8 25. Bc6 Rac8 26. Bb7 Rxc1 27. Rxc1 f4
28. Bxd5 fxe3 29. Bxe4 Rxd4 30. Bf3 Rd3 31. Ra1 h6 32. fxe3 Rxe3 33. Kf2 Rb3 34.
Ra2 Bd6 35. Be2 Ke7 36. Bf3 Kf6 37. Kg2 Be5 38. Bd1 Rd3 39. Be2 Rb3 40. Bd1 Rd3
41. Be2 1/2-1/2

[Event "27th Carlos Torre Mem"]
[Site "Merida MEX"]
[Date "2015.12.19"]
[Round "5.4"]
[White "Gonzalez Vidal, Yuri"]
[Black "Ibarra Chami, Luis Fernando"]
[Result "1/2-1/2"]
[WhiteTitle "GM"]
[BlackTitle "IM"]
[WhiteElo "2553"]
[BlackElo "2435"]
[WhiteFideId "3503321"]
[BlackFideId "5105048"]
[EventDate "2015.12.17"]

1. Nf3 Nf6 2. c4 g6 3. Nc3 d5 4. cxd5 Nxd5 5. Qb3 Nb6 6. d4 Bg7 7. Bf4 Be6 8.
Qa3 Nc6 9. e3 O-O 10. Bb5 Nd5 11. Nxd5 Bxd5 12. Be2 Bxf3 13. Bxf3 e5 14. dxe5
Nxe5 15. Be2 Qd5 16. O-O Qd2 17. Rfe1 Rfd8 18. Qb3 Qd5 19. Qa4 a6 20. Red1 Qe6
21. Rac1 Qe7 22. Qe4 c6 23. h3 f5 24. Qc2 Bf6 25. b4 Rxd1+ 26. Rxd1 Rd8 27. Qb3+
Kg7 28. Rxd8 Qxd8 29. Qe6 Nf7 30. a4 Qe7 31. Qb3 1/2-1/2

[Event "27th Carlos Torre Mem"]
[Site "Merida MEX"]
[Date "2015.12.19"]
[Round "5.5"]
[White "Vera Gonzalez-Quevedo, Reynaldo"]
[Black "Dreev, Aleksey"]
[Result "0-1"]
[WhiteTitle "GM"]
[BlackTitle "GM"]
[WhiteElo "2437"]
[BlackElo "2644"]
[WhiteFideId "3500055"]
[BlackFideId "4100107"]
[EventDate "2015.12.17"]

1. d4 d5 2. c4 c6 3. Nc3 Nf6 4. Nf3 e6 5. e3 Nbd7 6. Bd3 dxc4 7. Bxc4 b5 8. Bd3
Bb7 9. O-O a6 10. e4 c5 11. d5 Qc7 12. dxe6 fxe6 13. Bc2 Bd6 14. Ng5 Nf8 15. f4
O-O-O 16. Qe2 h6 17. Nf3 Bxf4 18. Bxf4 Qxf4 19. g3 Qg4 20. e5 Nd5 21. Ne4 Nd7
22. Nd6+ Kb8 23. Nxb7 Kxb7 24. Be4 Nxe5 25. a4 b4 26. Rae1 Nd7 27. Qc4 Qh5 28.
Bd3 Nc7 29. Rxe6 Nb6 30. Rxb6+ Kxb6 31. a5+ Ka7 32. Qf4 Ne6 33. Qe4 Qd5 34. Ne5
Ng5 35. Nc6+ Ka8 36. Qxd5 Rxd5 37. Bc4 Rd2 38. h4 Nh3+ 39. Kh1 Nf2+ 40. Kg1 Rf8
41. Re1 Rd1 42. Rxd1 Nxd1 43. Bd5 Ne3 44. Be4 Rf1+ 45. Kh2 Rf2+ 46. Kh3 Rxb2 47.
Nxb4+ Ka7 48. Nc6+ Kb7 0-1

[Event "27th Carlos Torre Mem"]
[Site "Merida MEX"]
[Date "2015.12.19"]
[Round "5.6"]
[White "Gongora Reyes, Maikel Liber"]
[Black "Quesada Perez, Yuniesky"]
[Result "0-1"]
[WhiteTitle "IM"]
[BlackTitle "GM"]
[WhiteElo "2427"]
[BlackElo "2627"]
[WhiteFideId "3503208"]
[BlackFideId "3504409"]
[EventDate "2015.12.17"]

1. d4 Nf6 2. c4 e6 3. Nc3 Bb4 4. Qc2 b6 5. e4 c5 6. a3 Bxc3+ 7. bxc3 Bb7 8. Bd3
b5 9. Rb1 bxc4 10. Rxb7 cxd3 11. Qxd3 O-O 12. Ne2 Qc8 13. Rb1 Qa6 14. Qe3 Nc6
15. O-O Rab8 16. Rxb8 Rxb8 17. dxc5 Qc4 18. Nd4 Nxd4 19. cxd4 Rb3 20. Qd2 Nxe4
21. Qa5 h6 22. Be3 Nc3 23. Ra1 Ne2+ 24. Kh1 Qd3 25. Qe1 Rxa3 26. Rd1 Qc4 27. h3
Nc3 28. Rc1 Qd3 29. Kh2 a6 30. Ra1 Nd5 31. Rd1 Qe4 0-1

[Event "27th Carlos Torre Mem"]
[Site "Merida MEX"]
[Date "2015.12.19"]
[Round "5.7"]
[White "Diaz Perez, Michel Alejandro"]
[Black "Cori, Jorge"]
[Result "1/2-1/2"]
[WhiteTitle "FM"]
[BlackTitle "GM"]
[WhiteElo "2397"]
[BlackElo "2596"]
[WhiteFideId "3517179"]
[BlackFideId "3802272"]
[EventDate "2015.12.17"]

1. e4 c5 2. Nf3 Nc6 3. Bb5 g6 4. O-O Bg7 5. c3 e5 6. d4 cxd4 7. cxd4 exd4 8.
Nbd2 Nge7 9. Nb3 O-O 10. Bg5 h6 11. Bh4 g5 12. Bg3 d5 13. Bxc6 Nxc6 14. e5 Bg4
15. Nbxd4 Nxe5 16. Bxe5 Bxe5 17. Qb3 Bxd4 18. Nxd4 Qf6 19. Qb4 Rac8 20. b3 Qf4
21. f3 Bf5 22. Rad1 Rfe8 23. Kh1 Bc2 24. Rd2 Bg6 25. Rdd1 b6 26. Qb5 Qe3 27. h3
Kh7 28. Rfe1 Qxe1+ 29. Rxe1 Rxe1+ 30. Kh2 Rcc1 31. Qd7 Rcd1 32. Nf5 Rd2 33. Ng3
Ra1 34. Ne4 dxe4 35. Qxd2 exf3 36. gxf3 Bb1 37. Qd5 Rxa2+ 38. Kg3 Bg6 39. b4 Rb2
40. b5 Rb4 41. Qe5 Rf4 42. Qc7 Bh5 43. Qxa7 Rxf3+ 44. Kg2 Rf6 45. Qe7 Re6 46.
Qc7 Bg6 47. Qd8 Be4+ 48. Kf2 Bg6 49. Kg2 Re2+ 50. Kg1 Re1+ 51. Kf2 Re6 1/2-1/2

[Event "27th Carlos Torre Mem"]
[Site "Merida MEX"]
[Date "2015.12.19"]
[Round "5.8"]
[White "Olivares Canelles, Francisco"]
[Black "Pichot, Alan"]
[Result "0-1"]
[WhiteTitle "FM"]
[BlackTitle "IM"]
[WhiteElo "2276"]
[BlackElo "2517"]
[WhiteFideId "3504590"]
[BlackFideId "110973"]
[EventDate "2015.12.17"]

1. d4 Nf6 2. c4 c5 3. d5 e6 4. Nc3 exd5 5. cxd5 d6 6. Nf3 g6 7. g3 Bg7 8. Bg2
O-O 9. O-O a6 10. a4 Re8 11. Re1 Nbd7 12. e4 c4 13. Qe2 Nc5 14. Be3 Nd3 15. Red1
Ng4 16. Rab1 Qa5 17. Nd4 Bd7 18. h3 Nxe3 19. Qxe3 Qc5 20. Nce2 b5 21. b3 Rab8
22. a5 Rec8 23. Kh2 h5 24. f3 b4 25. f4 Qxa5 26. bxc4 Nc5 27. e5 Qa3 28. Qxa3
bxa3 29. Rxb8 Rxb8 30. Ra1 dxe5 31. fxe5 Bxe5 32. Rxa3 Rb2 33. Re3 Bd6 34. h4 a5
35. Nc3 f5 36. Nde2 a4 37. Nb5 Bxb5 38. cxb5 a3 39. Nc3 f4 40. Rf3 fxg3+ 41. Kh3
a2 42. Nxa2 Rxa2 43. Rf6 Ne4 44. Rxg6+ Kf7 0-1

[Event "27th Carlos Torre Mem"]
[Site "Merida MEX"]
[Date "2015.12.19"]
[Round "6.1"]
[White "Quesada Perez, Yuniesky"]
[Black "Bruzon Batista, Lazaro"]
[Result "1/2-1/2"]
[WhiteTitle "GM"]
[BlackTitle "GM"]
[WhiteElo "2627"]
[BlackElo "2666"]
[WhiteFideId "3504409"]
[BlackFideId "3503739"]
[EventDate "2015.12.17"]

1. e4 e5 2. Nf3 Nc6 3. Bb5 a6 4. Ba4 Nf6 5. O-O Be7 6. Re1 b5 7. Bb3 d6 8. c3
O-O 9. h3 Nb8 10. d4 Nbd7 11. Nbd2 Bb7 12. Bc2 Re8 13. Nf1 Bf8 14. Ng3 g6 15. a4
c5 16. d5 c4 17. Bg5 h6 18. Be3 Nc5 19. Qd2 h5 20. Bg5 Be7 21. Ra3 Nfd7 22. Be3
Bf6 23. Rea1 Qc7 24. axb5 axb5 25. Qc1 Rxa3 26. Rxa3 Ra8 27. Qa1 1/2-1/2

[Event "27th Carlos Torre Mem"]
[Site "Merida MEX"]
[Date "2015.12.19"]
[Round "6.2"]
[White "Dreev, Aleksey"]
[Black "Gonzalez Zamora, Juan Carlos"]
[Result "1/2-1/2"]
[WhiteTitle "GM"]
[BlackTitle "GM"]
[WhiteElo "2644"]
[BlackElo "2513"]
[WhiteFideId "4100107"]
[BlackFideId "3507548"]
[EventDate "2015.12.17"]

1. d4 Nf6 2. c4 e6 3. Nf3 Bb4+ 4. Nbd2 b6 5. a3 Bxd2+ 6. Bxd2 h6 7. Bf4 Bb7 8.
e3 d6 9. c5 Nh5 10. cxd6 Nxf4 11. dxc7 Qxc7 12. Rc1 Nc6 13. exf4 Qxf4 14. Qd2
Qxd2+ 15. Kxd2 O-O 16. Ba6 Bxa6 17. Rxc6 Bb7 18. Rc7 Bxf3 19. gxf3 Rfd8 20. Ke3
Rd5 21. Rhc1 Rb5 22. R1c2 a5 23. Rd7 a4 24. f4 g6 25. Kf3 Kg7 26. Rcc7 Rf5 27.
Rc6 Rb5 28. Rxe6 Rxb2 29. Rb7 Rc8 30. Ree7 Rf8 31. Ke4 1/2-1/2

[Event "27th Carlos Torre Mem"]
[Site "Merida MEX"]
[Date "2015.12.19"]
[Round "6.3"]
[White "Pichot, Alan"]
[Black "Cordova, Emilio"]
[Result "1-0"]
[WhiteTitle "IM"]
[BlackTitle "GM"]
[WhiteElo "2517"]
[BlackElo "2611"]
[WhiteFideId "110973"]
[BlackFideId "3801497"]
[EventDate "2015.12.17"]

1. e4 e6 2. d4 d5 3. Nc3 Nf6 4. e5 Nfd7 5. f4 c5 6. Nf3 Nc6 7. Be3 a6 8. Be2 b5
9. a3 Bb7 10. O-O cxd4 11. Nxd4 Bc5 12. Qd2 Qb6 13. Rad1 Rc8 14. Rf3 g5 15. fxg5
Ndxe5 16. Rh3 Bxd4 17. Bxd4 Qxd4+ 18. Qxd4 Nxd4 19. Rxd4 Ng6 20. Rd2 O-O 21. Bd3
f5 22. gxf6 Rxf6 23. Rh5 Rc7 24. Rf2 Nf4 25. Rh4 Rcf7 26. Bxh7+ Kg7 27. Nd1 e5
28. g3 Ne6 29. Rxf6 Rxf6 30. Ne3 Nd4 31. Kg2 e4 32. c3 Nf3 33. Rh5 Ne1+ 34. Kg1
Rf3 35. Nf5+ Kf6 36. Nd4 Rd3 37. Kf2 Nf3 38. Rf5+ Kg7 39. Nxf3 Kxh7 40. Rf7+ Kg8
41. Ne5 Rd2+ 42. Ke3 1-0

[Event "27th Carlos Torre Mem"]
[Site "Merida MEX"]
[Date "2015.12.19"]
[Round "6.4"]
[White "Tiviakov, Sergei"]
[Black "Abreu Delgado, Aryam"]
[Result "1-0"]
[WhiteTitle "GM"]
[BlackTitle "GM"]
[WhiteElo "2610"]
[BlackElo "2450"]
[WhiteFideId "1008013"]
[BlackFideId "3502589"]
[EventDate "2015.12.17"]

1. e4 c5 2. Nc3 d6 3. Nge2 Nf6 4. g3 Nc6 5. Bg2 g6 6. d4 cxd4 7. Nxd4 Nxd4 8.
Qxd4 Bg7 9. O-O O-O 10. Qc4 Bd7 11. a4 Rc8 12. Qb4 Bc6 13. a5 Qc7 14. Be3 Qb8
15. Rac1 Ng4 16. Bd2 Nf6 17. Rfe1 Rfe8 18. Nd5 e6 19. Nxf6+ Bxf6 20. c4 b6 21.
a6 b5 22. Be3 bxc4 23. Rxc4 Bb5 24. Rxc8 Rxc8 25. Bf1 Bxf1 26. Qxb8 Rxb8 27.
Kxf1 Bd8 28. Bxa7 Ra8 29. Bd4 e5 30. Be3 Rxa6 31. b4 Ra8 32. b5 Rb8 33. Rb1 Bb6
34. Bxb6 Rxb6 35. Ke2 Kf8 36. Kd3 Ke7 37. Kc4 Ke6 38. Kb4 f5 39. Ka5 Rb8 40.
exf5+ Kxf5 41. b6 Ke4 42. Rb3 d5 43. b7 d4 44. f3+ Kd5 45. Kb6 Kc4 46. Rb1 d3
47. Kc7 Re8 48. b8=Q Rxb8 49. Kxb8 Kc3 50. Kc7 Kc2 51. Ra1 d2 52. Kd6 d1=Q+ 53.
Rxd1 Kxd1 54. Kxe5 Ke2 55. f4 Kf3 56. Kf6 Kg2 57. Kg5 Kh3 58. g4 h6+ 59. Kxg6 1-0

[Event "27th Carlos Torre Mem"]
[Site "Merida MEX"]
[Date "2015.12.19"]
[Round "6.5"]
[White "Ortega Amarelle, Mariano"]
[Black "Gonzalez Vidal, Yuri"]
[Result "1/2-1/2"]
[WhiteTitle "IM"]
[BlackTitle "GM"]
[WhiteElo "2466"]
[BlackElo "2553"]
[WhiteFideId "3504301"]
[BlackFideId "3503321"]
[EventDate "2015.12.17"]

1. d4 Nf6 2. Nf3 e6 3. c4 d5 4. g3 Bb4+ 5. Bd2 Be7 6. Bg2 O-O 7. O-O c6 8. Qc2
Nbd7 9. Rd1 b6 10. b3 a5 11. Bg5 Bb7 12. Nc3 Rc8 13. e4 Nxe4 14. Bxe7 Qxe7 15.
Nxe4 dxe4 16. Qxe4 Rfe8 17. Rd2 Nf6 18. Qe3 c5 19. Rad1 Bxf3 20. Bxf3 h6 21. Bg2
Kf8 22. Qe5 Nd7 23. Qe4 Nf6 24. Qe5 Nd7 25. Qe4 Nf6 26. Qe5 1/2-1/2

[Event "27th Carlos Torre Mem"]
[Site "Merida MEX"]
[Date "2015.12.19"]
[Round "6.6"]
[White "Ibarra Chami, Luis Fernando"]
[Black "Bacallao Alonso, Yusnel"]
[Result "0-1"]
[WhiteTitle "IM"]
[BlackTitle "GM"]
[WhiteElo "2435"]
[BlackElo "2525"]
[WhiteFideId "5105048"]
[BlackFideId "3507416"]
[EventDate "2015.12.17"]

1. c4 Nf6 2. Nf3 e6 3. d4 b6 4. e3 Bb7 5. Bd3 d5 6. O-O Bd6 7. Nc3 O-O 8. b3
Nbd7 9. Bb2 a6 10. Rc1 Ne4 11. Ne2 Qf6 12. b4 dxc4 13. Rxc4 Ng5 14. Ne5 b5 15.
Nxd7 Nf3+ 16. gxf3 Qxf3 17. e4 bxc4 18. Bc2 Rfd8 19. Nc5 Bxc5 20. bxc5 Bxe4 21.
Bxe4 Qxe4 22. Ng3 Qg6 23. Qe2 Rd5 24. Qe4 Rb8 25. Qxg6 hxg6 26. Bc3 Rbd8 27. Re1
e5 28. Rxe5 Rxe5 29. dxe5 Rd1+ 30. Kg2 Rc1 31. Ne4 Rc2 32. a4 Kf8 33. Kf3 Ke7
34. Ke3 Kd7 35. Kd4 Ra2 36. a5 Re2 37. Kd5 c6+ 38. Kd4 Ke6 39. Ng5+ Kf5 40. h4
f6 0-1

[Event "27th Carlos Torre Mem"]
[Site "Merida MEX"]
[Date "2015.12.19"]
[Round "6.7"]
[White "Cuellar, Diego"]
[Black "L'Ami, Erwin"]
[Result "0-1"]
[WhiteTitle "IM"]
[BlackTitle "GM"]
[WhiteElo "2374"]
[BlackElo "2628"]
[WhiteFideId "3803830"]
[BlackFideId "1007998"]
[EventDate "2015.12.17"]

1. e4 e5 2. Nf3 Nc6 3. Bb5 a6 4. Ba4 Nf6 5. d3 b5 6. Bb3 Be7 7. O-O d6 8. c3 O-O
9. Re1 Na5 10. Bc2 c5 11. Nbd2 Nc6 12. a4 Be6 13. Nf1 Nd7 14. Ne3 Bf6 15. Bb3 b4
16. Bd5 Rc8 17. Bd2 a5 18. h3 Nb6 19. Bxc6 Rxc6 20. c4 g6 21. Ng4 Bg7 22. Nh6+
Kh8 23. Ng5 Qe7 24. Nxe6 Qxe6 25. g4 Qe7 26. Qf3 Na8 27. g5 Bxh6 28. gxh6 Nc7
29. Qg3 Ne6 30. f4 exf4 31. Bxf4 Nxf4 32. Qxf4 Qe5 33. Qf3 Rc7 34. Re2 f6 35.
Rg2 Rcf7 36. Rf1 f5 37. Rgf2 Kg8 38. h4 fxe4 39. Qxe4 Qg3+ 40. Qg2 Qxg2+ 41.
Kxg2 Rxf2+ 42. Rxf2 Rf5 43. Kg3 Kf7 44. Rd2 d5 45. Re2 Rh5 46. Kg4 Kf6 47. Re8
dxc4 48. dxc4 Rxh6 49. Rc8 Rh5 50. Rc6+ Ke5 51. Rxc5+ Kd4 52. Rc7 b3 53. c5 Kd3
54. Rb7 Kc2 55. Rb5 Rf5 56. c6 Rf8 57. Rxa5 Kxb2 58. Rb5 Ka2 59. a5 b2 60. a6
b1=Q 61. Rxb1 Kxb1 62. a7 h6 0-1

[Event "27th Carlos Torre Mem"]
[Site "Merida MEX"]
[Date "2015.12.19"]
[Round "6.8"]
[White "Cori, Jorge"]
[Black "Leiva, Giuseppe"]
[Result "1-0"]
[WhiteTitle "GM"]
[BlackTitle "IM"]
[WhiteElo "2596"]
[BlackElo "2389"]
[WhiteFideId "3802272"]
[BlackFideId "3804399"]
[EventDate "2015.12.17"]

1. e4 c5 2. Nc3 a6 3. g4 b5 4. d3 Bb7 5. Bg2 e6 6. h4 h5 7. g5 d5 8. exd5 b4 9.
Ne4 exd5 10. Ng3 g6 11. N1e2 Bg7 12. f4 f5 13. gxf6 Bxf6 14. f5 Bxh4 15. fxg6
Qf6 16. Rf1 Qxg6 17. Bf4 Ne7 18. Qd2 Nbc6 19. O-O-O Bf6 20. Bh3 Bc8 21. Bxc8
Rxc8 22. Rg1 Qf7 23. Rdf1 Rg8 24. Be3 h4 25. Nh5 Rxg1 26. Nxf6+ Qxf6 27. Rxg1 h3
28. Bxc5 Qf3 29. Rg3 Qf5 30. Qh6 Ne5 31. Bxe7 Kxe7 32. Qxh3 Qf2 33. Qh4+ Qf6 34.
Qxb4+ Ke6 35. Qb6+ Rc6 36. Nd4+ 1-0